| 000 | 00604nam a22001695i 4500 | ||
|---|---|---|---|
| 001 | 167741 | ||
| 003 | ES-MaACL | ||
| 005 | 20250626193832.0 | ||
| 008 | 000908s1851 sp |||| | fre d | ||
| 100 | 1 |
_aVliet, L. van. _9133817 |
|
| 245 | 1 | 0 |
_aDe la responsabilité ministérielle / _cpar L. Van Vliet. |
| 260 |
_aMadrid : _b[s.n.], _c1851 ( _fImp. de H. Reneses) |
||
| 300 |
_a12 p. ; _c24 cm. |
||
| 651 | 7 |
_aEspaña- _xPolítica y gobierno- _yS.XIX _2 _9161744 |
|
| 852 | 4 |
_aES-MaACL _jT-31-F-15 _z- Enc. hol., falto de cub. original _z- Enc. en un vol. facticio |
|
| 999 |
_c167741 _d167741 |
||